| 000 | 00962nam a22002537a 4500 | ||
|---|---|---|---|
| 005 | 20130117115026.0 | ||
| 008 | 130117t xxu||||| |||| 00| 0 eng d | ||
| 010 | _aENG-106603 | ||
| 020 |
_a9788183822909 _c250.00 |
||
| 035 | _aEN-90136 | ||
| 037 | _bDBAD/PUB | ||
| 040 |
_aDPL _bENG |
||
| 100 |
_954844 _aDowson, John |
||
| 245 |
_aThe ABC of hindu culture / _cby John Dowson |
||
| 260 |
_aNew Delhi _bLotus Press _c2012 |
||
| 270 |
_a4263/3, Ansari Road, Daryaganj _bNew Delhi _e110002 |
||
| 300 |
_a328p. _c20cm(pbk) |
||
| 651 |
_aIndia _xHistory _yTo 1206 A.D. _954845 |
||
| 700 | _954847 | ||
| 942 |
_2ddc _cEN _mDOW |
||
| 999 |
_c73086 _d73086 |
||